[Event "IRI-chT 18th"]
[Site "Tehran"]
[Date "2019.11.25"]
[Round "5.1"]
[White "Khatibi, Meysam"]
[Black "Gholami, Aryan"]
[Result "1-0"]
[WhiteElo "2167"]
[BlackElo "2549"]
[PlyCount "77"]
[EventDate "2019.11.23"]
[EventType "team-tourn"]
[EventRounds "9"]
[EventCountry "IRI"]
[SourceTitle "CBM 193 Extra"]
[Source "ChessBase"]
[SourceDate "2020.01.31"]
[SourceVersion "1"]
[SourceVersionDate "2020.01.31"]
[SourceQuality "1"]
[WhiteTeam "Zanjan Bimarestan Bahman"]
[BlackTeam "Persepolis Iran"]
[WhiteTeamCountry "IRI"]
[BlackTeamCountry "IRI"]

1. e4 c5 2. Nf3 e6 3. c3 Nf6 4. e5 Nd5 5. Bc4 b6 6. a4 Bb7 7. 0-0 Be7 8. Na3 a6 9. Nc2 Qc7 10. Re1 d6 11. Bf1 Nd7 12. c4 Nf4 13. d4 Ng6 14. exd6 Bxd6 15. a5 0-0 16. axb6 Nxb6 17. b4 cxb4 18. c5 Bxf3 19. Qxf3 Nd5 20. g3 a5 21. Ne3 Be7 22. Nxd5 exd5 23. Bb5 Bf6 24. Rd1 Rfd8 25. Ba4 Qc8 26. Kg2 Nf8 27. Be3 Ne6 28. Rab1 Qa6 29. h4 Nc7 30. h5 Nb5 31. Bxb5 Qxb5 32. h6 a4 33. hxg7 Bxg7 34. Qg4 Ra6 35. Bg5 Re8 36. Re1 b3 37. c6 Rxe1 38. Rxe1 Qxc6 39. Bf6 1-0

[Event "IRI-chT 18th"]
[Site "Tehran"]
[Date "2019.11.23"]
[Round "1.5"]
[White "Khatibi, Meysam"]
[Black "Mousavi, Seyed Khalil"]
[Result "0-1"]
[WhiteElo "2167"]
[BlackElo "2501"]
[PlyCount "79"]
[EventDate "2019.11.23"]
[EventType "team-tourn"]
[EventRounds "9"]
[EventCountry "IRI"]
[SourceTitle "CBM 193 Extra"]
[Source "ChessBase"]
[SourceDate "2020.01.31"]
[SourceVersion "1"]
[SourceVersionDate "2020.01.31"]
[SourceQuality "1"]
[WhiteTeam "Zanjan Bimarestan Bahman"]
[BlackTeam "Tehran Saipa"]
[WhiteTeamCountry "IRI"]
[BlackTeamCountry "IRI"]

1. e4 e5 2. Nf3 Nc6 3. Bb5 a6 4. Ba4 Nge7 5. d4 exd4 6. Nxd4 Nxd4 7. Qxd4 Nc6 8. Qe3 Bd6 9. Nc3 0-0 10. Bd2 b5 11. Bb3 b4 12. Nd5 a5 13. Bc4 Ne5 14. Be2 Ng6 15. 0-0-0 Bb7 16. g3 Re8 17. Be1 a4 18. f4 a3 19. b3 Ne7 20. c4 Nxd5 21. cxd5 Qf6 22. e5 Bxe5 23. fxe5 Rxe5 24. Qd4 Rxe2 25. Qxf6 gxf6 26. Kb1 Rae8 27. Bxb4 Rb2+ 28. Kc1 Ree2 29. Rd4 c5 30. dxc6 Bxc6 31. Rf1 Be4 32. Rxe4 Rxe4 33. Bxa3 Rxa2 34. Bb2 Re2 35. Bd4 Rxh2 36. b4 Rac2+ 37. Kb1 d6 38. Rf4 Rc4 39. b5 Rd2 40. Be3 0-1

[Event "Avicenna op 15th"]
[Site "Hamedan"]
[Date "2018.08.17"]
[Round "1"]
[White "Khatibi, Meysam"]
[Black "Matinian, Nikita"]
[Result "1/2-1/2"]
[WhiteElo "2233"]
[BlackElo "2506"]
[PlyCount "139"]
[EventDate "2018.08.17"]
[EventType "swiss"]
[EventRounds "9"]
[EventCountry "IRI"]
[SourceTitle "CBM 186 Extra"]
[Source "ChessBase"]
[SourceDate "2018.08.24"]
[SourceVersion "1"]
[SourceVersionDate "2018.08.24"]
[SourceQuality "1"]

1. e4 d6 2. d4 Nf6 3. Nc3 g6 4. Bg5 Bg7 5. Qd2 h6 6. Bh4 0-0 7. f4 e5 8. Nf3 exd4 9. Qxd4 Nc6 10. Qd3 Be6 11. 0-0-0 Qc8 12. a3 Rb8 13. Re1 b5 14. Nd5 Bxd5 15. exd5 Na5 16. f5 Qxf5 17. Qxf5 gxf5 18. Bxf6 Bxf6 19. c3 Nc4 20. Kc2 Kg7 21. Bxc4 bxc4 22. Nd2 Rb5 23. Nxc4 Rxd5 24. Rhf1 Kg6 25. Re3 Be5 26. g3 Re8 27. b4 Re6 28. Ref3 Bf6 29. Ne3 Rde5 30. Kd3 c6 31. R1f2 h5 32. Nxf5 Re1 33. Ne3 Rc1 34. Rc2 Ra1 35. g4 h4 36. g5 Bxg5 37. Rg2 Re5 38. Nc4 Rd5+ 39. Kc2 Ra2+ 40. Nb2 Rxa3 41. Rff2 a5 42. Nc4 Ra2+ 43. Kb3 Rxf2 44. Rxf2 axb4 45. cxb4 f6 46. Na5 c5 47. b5 Rd3+ 48. Kb2 Rd2+ 49. Rxd2 Bxd2 50. Nc6 Kg5 51. h3 d5 52. Ne7 d4 53. Nd5 Ba5 54. Kb3 d3 55. b6 c4+ 56. Kxc4 d2 57. b7 d1Q 58. b8Q Qe2+ 59. Kd4 Qd2+ 60. Kc4 Qa2+ 61. Kd4 Qa4+ 62. Kd3 Qd1+ 63. Kc4 Qf1+ 64. Kd4 Qf2+ 65. Kc4 Qc2+ 66. Kd4 Bd2 67. Qg8+ Qg6 68. Qxg6+ Kxg6 69. Nxf6 Kxf6 70. Ke4 1/2-1/2

[Event "IRI-chT 16th"]
[Site "Sari"]
[Date "2018.01.30"]
[Round "6.2"]
[White "Tabatabaei, Mohammad Amin"]
[Black "Khatibi, Meysam"]
[Result "1-0"]
[WhiteElo "2548"]
[BlackElo "2276"]
[PlyCount "67"]
[EventDate "2017.09.13"]
[EventType "team-swiss"]
[EventRounds "11"]
[EventCountry "IRI"]
[SourceTitle "EXT 2019"]
[Source "ChessBase"]
[SourceDate "2018.10.10"]
[SourceVersion "1"]
[SourceVersionDate "2018.10.10"]
[SourceQuality "1"]
[WhiteTeam "Tehran Saipa"]
[BlackTeam "Ardabil"]
[WhiteTeamCountry "IRI"]
[BlackTeamCountry "IRI"]

1. e4 e5 2. Nf3 Nc6 3. Bc4 Bc5 4. c3 Nf6 5. d3 0-0 6. 0-0 d5 7. exd5 Nxd5 8. Re1 Bg4 9. h3 Bh5 10. g4 Bg6 11. Nxe5 Nxe5 12. Rxe5 c6 13. Qf3 Re8 14. Rxe8+ Qxe8 15. Bd2 Qe7 16. Na3 Bxa3 17. bxa3 Qxa3 18. h4 h6 19. h5 Bh7 20. Re1 Qb2 21. Qe2 Kh8 22. g5 hxg5 23. h6 Bg6 24. hxg7+ Kxg7 25. Bxd5 cxd5 26. Qe5+ f6 27. Qe7+ Bf7 28. Bxg5 Qxc3 29. Re3 fxg5 30. Qxg5+ Kf8 31. Qe7+ Kg8 32. Rg3+ Qg7 33. Rxg7+ Kxg7 34. Qxb7 1-0

[Event "IRI-ch sf"]
[Site "Hamedan"]
[Date "2017.11.03"]
[Round "2"]
[White "Khatibi, Meysam"]
[Black "Firouzja, Alireza"]
[Result "0-1"]
[WhiteElo "2250"]
[BlackElo "2521"]
[PlyCount "130"]
[EventDate "2017.11.02"]
[EventType "swiss"]
[EventRounds "9"]
[EventCountry "IRI"]
[SourceTitle "CBM 181 Extra"]
[Source "ChessBase"]
[SourceDate "2017.12.12"]
[SourceVersion "1"]
[SourceVersionDate "2017.12.12"]
[SourceQuality "1"]

1. e4 g6 2. d4 Bg7 3. Nc3 d6 4. Nge2 h5 5. Bg5 h4 6. Qd2 c6 7. a4 Qa5 8. b4 Qxb4 9. a5 Qc4 10. d5 cxd5 11. Ra4 Qc7 12. Nxd5 Qd8 13. Rc4 Nc6 14. a6 Nf6 15. Qc3 0-0 16. Bxf6 exf6 17. axb7 Bxb7 18. Rxc6 f5 19. Qc4 Bxc6 20. Qxc6 Qa5+ 21. Nec3 Kh8 22. Ba6 Qa1+ 23. Nd1 h3 24. 0-0 hxg2 25. Re1 fxe4 26. c3 Rae8 27. Bb5 Re5 28. Kxg2 Rg5+ 29. Kf1 Be5 30. N1e3 Rg1+ 31. Kxg1 Qxe1+ 32. Bf1 Bxh2+ 33. Kg2 Be5 34. Ng4 Qd2 35. Nde3 Qxc3 36. Qd7 Bf4 37. Qe7 Kg7 38. Qxe4 Bxe3 39. Nxe3 Qe5 40. Qg4 f5 41. Qa4 Qe4+ 42. Qxe4 fxe4 43. Ba6 Kf6 44. Bb7 Ke5 45. Nc4+ Ke6 46. Ne3 Rf4 47. Kg3 g5 48. Nd5 Rf7 49. Bc6 Ke5 50. Kg2 Rf8 51. Ne7 Kd4 52. Ng6 Rc8 53. Ba4 Rc4 54. Bb5 Rb4 55. Be8 Rb2 56. Kg3 a5 57. Ne7 Kc5 58. Nf5 d5 59. Ng7 Kd6 60. Nf5+ Kc5 61. Ng7 Ra2 62. Ne6+ Kd6 63. Nxg5 a4 64. Bf7 Rb2 65. Kf4 a3 0-1

[Event "Avicenna op 13th"]
[Site "Hamedan"]
[Date "2016.08.25"]
[Round "3"]
[White "Gabuzyan, Hovhannes"]
[Black "Khatibi, Meysam"]
[Result "1-0"]
[WhiteElo "2590"]
[BlackElo "2237"]
[PlyCount "85"]
[EventDate "2016.08.24"]
[EventType "swiss"]
[EventRounds "9"]
[EventCountry "IRI"]
[SourceTitle "CBM 174 Extra"]
[Source "ChessBase"]
[SourceDate "2016.10.10"]
[SourceVersion "1"]
[SourceVersionDate "2016.10.10"]
[SourceQuality "1"]

1. e4 e5 2. Nf3 Nc6 3. Bb5 a6 4. Bxc6 dxc6 5. 0-0 f6 6. d4 Bg4 7. dxe5 Qxd1 8. Rxd1 fxe5 9. Rd3 Bd6 10. Nbd2 Nf6 11. b3 Be6 12. Bb2 Nd7 13. Rd1 h6 14. Nh4 Rf8 15. Nf5 Bxf5 16. exf5 Rxf5 17. Ne4 Nf6 18. Rxd6 Nxe4 19. Re6+ Kf7 20. Rxe5 Rxe5 21. Bxe5 Nd6 22. Kf1 Re8 23. Bg3 Re7 24. Rd3 Nf5 25. Bf4 g5 26. Bd2 b6 27. g4 Nd6 28. h4 Ne4 29. Bc1 h5 30. gxh5 gxh4 31. Rh3 Rd7 32. Bf4 Nf6 33. Rxh4 Rd4 34. h6 Kg6 35. Ke2 c5 36. c3 Re4+ 37. Kf3 Re7 38. c4 b5 39. Rh1 bxc4 40. bxc4 Rd7 41. Rg1+ Kf5 42. Rg5+ Ke6 43. Rxc5 1-0

[Event "Arak op 15th"]
[Site "Arak"]
[Date "2016.08.12"]
[Round "3"]
[White "Khatibi, Meysam"]
[Black "Esmaeilnejad, Mohammad Amin"]
[Result "1-0"]
[WhiteElo "2237"]
[BlackElo "2010"]
[PlyCount "71"]
[EventDate "2016.08.11"]
[EventType "swiss"]
[EventRounds "11"]
[EventCountry "IRI"]
[SourceTitle "CBM 173 Extra"]
[Source "ChessBase"]
[SourceDate "2016.08.29"]
[SourceVersion "1"]
[SourceVersionDate "2016.08.29"]
[SourceQuality "1"]

1. e4 c5 2. Nf3 d6 3. d4 cxd4 4. Nxd4 Nf6 5. Nc3 a6 6. Be3 e5 7. Nb3 Be6 8. Qd2 Nbd7 9. 0-0-0 Qc7 10. f3 h5 11. Kb1 Be7 12. g3 0-0 13. h3 b5 14. g4 Nc5 15. g5 Nfd7 16. f4 b4 17. Nd5 Bxd5 18. exd5 Nxb3 19. cxb3 exf4 20. Bxf4 a5 21. Qe2 Nc5 22. Qxh5 g6 23. Qf3 a4 24. bxa4 Rxa4 25. b3 Ra7 26. Rh2 Rfa8 27. Be3 Ra3 28. Bd4 Bxg5 29. h4 Bd8 30. h5 g5 31. Re1 Qd7 32. Rhe2 f6 33. Bh3 Qb5 34. Bxc5 dxc5 35. Re8+ Kg7 36. R1e7+ 1-0

[Event "Arak op 15th"]
[Site "Arak"]
[Date "2016.08.11"]
[Round "1.8"]
[White "Khatibi, Meysam"]
[Black "Madadi, Mohammad"]
[Result "1-0"]
[WhiteElo "2237"]
[BlackElo "1654"]
[PlyCount "129"]
[EventDate "2016.08.11"]
[EventType "swiss"]
[EventRounds "11"]
[EventCountry "IRI"]
[SourceTitle "CBM 173 Extra"]
[Source "ChessBase"]
[SourceDate "2016.08.29"]
[SourceVersion "1"]
[SourceVersionDate "2016.08.29"]
[SourceQuality "1"]

1. e4 e5 2. Nf3 Nc6 3. Bb5 a6 4. Bxc6 bxc6 5. d4 exd4 6. Qxd4 c5 7. Qe5+ Qe7 8. Qxc7 Qxe4+ 9. Kd1 Qd5+ 10. Bd2 Bd6 11. Qa5 Ne7 12. Nc3 Qc6 13. Qa4 Bb7 14. Re1 Qxa4 15. Nxa4 Bc6 16. Nb6 Rb8 17. Nc4 Bxf3+ 18. gxf3 Bc7 19. Be3 d6 20. Bf4 Kd7 21. c3 Ng6 22. Bg3 d5 23. Bxc7 Kxc7 24. Ne3 Rxb2 25. Nxd5+ Kc6 26. c4 Rhb8 27. Re2 Rxe2 28. Kxe2 Rb2+ 29. Ke3 Ne5 30. Ne7+ Kd7 31. Nf5 g6 32. Rd1+ Ke6 33. Nd6 Rxa2 34. Nb7 Nxc4+ 35. Kf4 Rxf2 36. Nxc5+ Kf6 37. Rd4 Rxh2 38. Ne4+ Ke6 39. Rxc4 f5 40. Kg3 Ra2 41. Ng5+ Kd5 42. Rc8 h6 43. Nf7 a5 44. Ra8 a4 45. Kf4 Kc4 46. Ne5+ Kb3 47. Rb8+ Kc3 48. Ke3 Rb2 49. Rc8+ Kb3 50. Nd3 Rc2 51. Rb8+ Ka3 52. Rb6 Rc3 53. Kd2 Rb3 54. Rxg6 Rb5 55. Kc3 Rb7 56. Rxh6 Rc7+ 57. Kd2 Rb7 58. Ra6 Rd7 59. Ra5 Kb3 60. Rb5+ Ka2 61. Rxf5 a3 62. Kc2 Ka1 63. Ra5 a2 64. Nb4 Rc7+ 65. Kd2 1-0

[Event "IRI Cities-chT"]
[Site "Esfahan"]
[Date "2016.05.15"]
[Round "7.3"]
[White "Tahbaz, Arash"]
[Black "Khatibi, Meysam"]
[Result "1-0"]
[WhiteElo "2375"]
[BlackElo "2239"]
[PlyCount "85"]
[EventDate "2016.05.11"]
[EventType "team-swiss"]
[EventRounds "7"]
[EventCountry "IRI"]
[SourceTitle "CBM 172 Extra"]
[Source "ChessBase"]
[SourceDate "2016.06.21"]
[SourceVersion "1"]
[SourceVersionDate "2016.06.21"]
[SourceQuality "1"]
[WhiteTeam "Rasht"]
[BlackTeam "Zanjan"]
[WhiteTeamCountry "IRI"]
[BlackTeamCountry "IRI"]

1. e4 e5 2. Nf3 Nc6 3. Bb5 a6 4. Ba4 Nf6 5. 0-0 Be7 6. Re1 b5 7. Bb3 d6 8. c3 0-0 9. h3 Na5 10. Bc2 c5 11. d4 cxd4 12. cxd4 Qc7 13. d5 Nh5 14. Nc3 Bd7 15. Bd3 b4 16. Ne2 f5 17. exf5 Bxf5 18. Bxf5 Rxf5 19. Be3 Qd7 20. Nd2 Nf4 21. Bxf4 exf4 22. Nd4 Rf7 23. Rc1 f3 24. N2xf3 Bf6 25. Ne6 b3 26. axb3 Qb7 27. Re3 Rb8 28. Qc2 h6 29. Rd1 Nxb3 30. Qg6 Nc5 31. Rd2 Nd7 32. b3 Nb6 33. Qh5 Nd7 34. Nh2 Qb4 35. Rde2 Qa3 36. Ng4 Rxb3 37. Qg6 Re7 38. Nxh6+ Kh8 39. Nf7+ Kg8 40. Nxg7 Bxg7 41. Rxe7 Qc1+ 42. Re1 Nf8 43. Qxg7+ 1-0

[Event "IRI-ch sf"]
[Site "Rasht"]
[Date "2015.12.14"]
[Round "3"]
[White "Khatibi, Meysam"]
[Black "Lorparizangeneh, Shahin"]
[Result "1-0"]
[WhiteElo "2172"]
[BlackElo "2454"]
[PlyCount "61"]
[EventDate "2015.12.13"]
[EventType "swiss"]
[EventRounds "9"]
[EventCountry "IRI"]
[SourceTitle "EXT 2017"]
[Source "ChessBase"]
[SourceDate "2016.10.25"]
[SourceVersion "1"]
[SourceVersionDate "2016.10.25"]
[SourceQuality "1"]

1. e4 e5 2. Nf3 Nc6 3. Bb5 Nge7 4. d4 exd4 5. Nxd4 Nxd4 6. Qxd4 Nc6 7. Qe3 Bd6 8. Nc3 0-0 9. Bd2 a6 10. Bd3 Nb4 11. 0-0-0 Be5 12. Kb1 Nxd3 13. Qxd3 d6 14. f4 Bxc3 15. Bxc3 f6 16. Rhg1 Bg4 17. Rde1 Be6 18. f5 Bf7 19. g4 Kh8 20. g5 Bg8 21. gxf6 gxf6 22. Qg3 Qe7 23. Qh4 Rf7 24. Rg6 Raf8 25. Reg1 b5 26. b3 c5 27. Qh6 b4 28. Bb2 a5 29. Rxf6 Rxf6 30. Rg6 Qxe4 31. Qg7# 1-0

[Event "Fajr op 23rd"]
[Site "Urmia"]
[Date "2015.02.19"]
[Round "2"]
[White "Sevdimaliyev, Urfan"]
[Black "Khatibi, Meysam"]
[Result "0-1"]
[WhiteElo "2459"]
[BlackElo "2168"]
[PlyCount "122"]
[EventDate "2015.02.18"]
[EventType "swiss"]
[EventRounds "9"]
[EventCountry "IRI"]
[SourceTitle "CBM 164 Extra"]
[Source "ChessBase"]
[SourceDate "2015.03.02"]
[SourceVersion "1"]
[SourceVersionDate "2015.03.02"]
[SourceQuality "1"]

1. d4 Nf6 2. c4 e6 3. Nf3 b6 4. g3 Ba6 5. b3 b5 6. cxb5 Bxb5 7. Bg2 Bb4+ 8. Bd2 a5 9. Nc3 Bc6 10. a3 Bxc3 11. Bxc3 0-0 12. 0-0 Qc8 13. Qc1 Qb7 14. Qb2 Bd5 15. Rfb1 Ne4 16. Ne1 f5 17. b4 Nc6 18. b5 Ne7 19. f3 Nf6 20. Nd3 Qb6 21. Nf2 a4 22. e4 Bb3 23. Qe2 Rab8 24. Bf1 Rf7 25. Qd2 fxe4 26. fxe4 Rbf8 27. Re1 e5 28. Rac1 Nfd5 29. Ng4 Nxc3 30. Qxc3 Rf3 31. Qc5 Qg6 32. Qxe7 Qxg4 33. Qxe5 d6 34. Qe7 Rf2 35. Qh4 Qf3 36. Qh3 Ra2 37. Bg2 Qf2+ 38. Kh1 Qxd4 39. Rf1 Raf2 40. Rxf2 Qxf2 41. Rf1 Qc5 42. Rxf8+ Kxf8 43. Qc8+ Ke7 44. h4 Be6 45. Qh8 Qxa3 46. Qxg7+ Bf7 47. Qg5+ Ke8 48. b6 cxb6 49. Qb5+ Ke7 50. Qxb6 Be6 51. Qa7+ Bd7 52. Bh3 Qc1+ 53. Kh2 Qb2+ 54. Kh1 Qb1+ 55. Kh2 Qc2+ 56. Bg2 Qc5 57. Qa8 a3 58. Qg8 Be6 59. Qg7+ Bf7 60. Bf3 Qf2+ 61. Bg2 Qf6 0-1

[Event "IRI-ch"]
[Site "Mashhad"]
[Date "2015.01.21"]
[Round "3"]
[White "Khodashenas, Mersad"]
[Black "Khatibi, Meysam"]
[Result "0-1"]
[WhiteElo "2221"]
[BlackElo "2099"]
[PlyCount "166"]
[EventDate "2015.01.20"]
[EventType "swiss"]
[EventRounds "11"]
[EventCountry "IRI"]
[SourceTitle "CBM 164 Extra"]
[Source "ChessBase"]
[SourceDate "2015.03.02"]
[SourceVersion "1"]
[SourceVersionDate "2015.03.02"]
[SourceQuality "1"]

1. e4 e5 2. Nf3 Nc6 3. Nc3 Nf6 4. Bb5 Bb4 5. 0-0 0-0 6. d3 d6 7. Bxc6 bxc6 8. Ne2 h6 9. h3 Re8 10. Ng3 d5 11. Qe2 a5 12. a3 Bd6 13. Bd2 a4 14. Rad1 Be6 15. Nh2 Rb8 16. Bc1 Qc8 17. Rfe1 d4 18. Qf3 c5 19. Nhf1 Nh7 20. Nh5 Kh8 21. Nh2 Be7 22. Qg3 Rg8 23. Ng4 f6 24. Qf3 g6 25. Ng3 h5 26. Nh2 c4 27. Ne2 c5 28. dxc4 Bxc4 29. Qg3 Qa6 30. Kf1 Bd6 31. Nf3 Qc6 32. Kg1 Qa6 33. Rd2 Bf8 34. Nh4 Bh6 35. f4 g5 36. Nf5 gxf4 37. Qf3 Bf8 38. Qxh5 Qc6 39. Rdd1 Rb7 40. h4 Bf7 41. Qf3 Qe8 42. Kh2 Bh5 43. Qf2 Bg4 44. g3 Qh5 45. gxf4 Bxf5 46. exf5 e4 47. Rg1 Rbg7 48. Rxg7 Rxg7 49. Rg1 e3 50. Qe1 Rxg1 51. Kxg1 Qxf5 52. c3 Qg4+ 53. Kh2 d3 54. Ng3 d2 55. Bxd2 exd2 56. Qxd2 Qxh4+ 57. Kg2 Qg4 58. Kf2 Qe6 59. Qc2 Qc4 60. Kf3 Qd5+ 61. Qe4 Qb3 62. Qe2 Kg8 63. Nf5 Kf7 64. Kg4 Qe6 65. Qd1 Kg6 66. Qd3 c4 67. Qb1 Bh6 68. b4 axb3 69. a4 Qe2+ 70. Kg3 Qd3+ 71. Qxd3 cxd3 72. Nh4+ Kf7 73. Nf3 Bf8 74. Nd2 b2 75. Kf2 Ke6 76. Ke3 f5 77. Kxd3 Bd6 78. Kc2 Bxf4 79. Nf3 Be3 80. Nh4 Bc1 81. a5 Nf6 82. c4 Ne4 83. Nf3 Nc3 0-1